[Event "Usti nad Labem Chlumecky Rapid op"]
[Site "Usti nad Labem"]
[Date "2024.05.04"]
[Round "9"]
[White "Svadlenka, Michal"]
[Black "Aliyev, Ilkin"]
[Result "1/2-1/2"]
[WhiteElo "1827"]
[BlackElo "1753"]
[PlyCount "111"]
[EventDate "2024.05.04"]
[EventType "swiss (rapid)"]
[EventRounds "9"]
[EventCountry "CZE"]
[SourceTitle "CB20_2024"]
[SourceDate "2024.05.16"]
[SourceVersion "1"]
[SourceVersionDate "2024.05.16"]
[SourceQuality "1"]

1. e4 c5 2. Nf3 d6 3. d4 cxd4 4. Nxd4 a6 5. Nc3 Nc6 6. Be3 g6 7. f3 Bg7 8. Qd2 Nf6 9. Bc4 Qc7 10. Bb3 Na5 11. 0-0-0 Nxb3+ 12. Nxb3 Be6 13. g4 b5 14. h4 h5 15. gxh5 Rxh5 16. Nd4 Bc4 17. b3 Rc8 18. bxc4 Qxc4 19. Nb1 Rhc5 20. Rh2 Qxa2 21. Qd3 Nd7 22. Qa3 Qxa3+ 23. Nxa3 Rc3 24. Kd2 Rxa3 25. h5 gxh5 26. Rxh5 Rac3 27. Rg1 Bxd4 28. Rg8+ Nf8 29. Bxd4 Rxc2+ 30. Kd3 Kd7 31. Rxf8 R8c7 32. Rxf7 b4 33. Rhh7 Ke6 34. f4 d5 35. f5+ Kd6 36. Rh6+ Kd7 37. exd5 b3 38. Rb6 Rh2 39. Rxb3 Rh3+ 40. Be3 Rc5 41. Ke4 Rh4+ 42. Ke5 Ke8 43. Rg7 Kf8 44. Rg3 Kf7 45. Bd4 Rc4 46. Rgd3 a5 47. Ra3 a4 48. Rd2 Rg4 49. Rad3 Rg1 50. Kf4 Rf1+ 51. Ke3 Rxf5 52. Rg2 Rxd5 53. Rg7+ Ke6 54. Rg6+ Kd7 55. Ra6 Rc1 56. Ra7+ 1/2-1/2

[Event "CZE-ch U14"]
[Site "Kouty nad Desnou"]
[Date "2024.03.15"]
[Round "8"]
[White "Kutil, Adam"]
[Black "Svadlenka, Michal"]
[Result "0-1"]
[WhiteElo "1820"]
[BlackElo "1869"]
[PlyCount "90"]
[EventDate "2024.03.09"]
[EventType "swiss"]
[EventRounds "9"]
[EventCountry "CZE"]
[SourceTitle "CB12_2024"]
[SourceDate "2023.10.01"]
[SourceVersion "1"]
[SourceVersionDate "2023.10.01"]
[SourceQuality "1"]

1. e4 c5 2. Nf3 d6 3. c3 Nf6 4. Bd3 g6 5. Bc2 Bg7 6. 0-0 0-0 7. h3 b5 8. d4 a5 9. Be3 Qc7 10. Nbd2 Nbd7 11. Nh2 Ba6 12. f4 b4 13. Rf2 cxd4 14. cxd4 Rfc8 15. Rc1 Qb7 16. g4 Nb6 17. g5 Nfd7 18. Ng4 e5 19. fxe5 dxe5 20. d5 Nc4 21. Nxc4 Rxc4 22. Ba4 Rxc1 23. Bxc1 Qc7 24. Be3 Qd6 25. Qf3 Rf8 26. Bxd7 Qxd7 27. Nf6+ Bxf6 28. gxf6 Rc8 29. h4 h5 30. Rg2 Qd6 31. Bh6 Kh7 32. Bg7 Qc5+ 33. Kh2 Qc1 34. Rg5 Rc2+ 35. Rg2 Rxg2+ 36. Qxg2 Qf4+ 37. Kh1 Bd3 38. Qg5 Qxe4+ 39. Kh2 Qe2+ 40. Qg2 Qe3 41. Qg5 Qf2+ 42. Qg2 Qxh4+ 43. Kg1 Be4 44. Qe2 Qg3+ 45. Kf1 Bd3 0-1

[Event "CZE-ch U14"]
[Site "Kouty nad Desnou"]
[Date "2024.03.11"]
[Round "3"]
[White "Svadlenka, Michal"]
[Black "Stary, Vojtech"]
[Result "1-0"]
[WhiteElo "1869"]
[BlackElo "1950"]
[PlyCount "69"]
[EventDate "2024.03.09"]
[EventType "swiss"]
[EventRounds "9"]
[EventCountry "CZE"]
[SourceTitle "CB12_2024"]
[SourceDate "2023.10.01"]
[SourceVersion "1"]
[SourceVersionDate "2023.10.01"]
[SourceQuality "1"]

1. e4 c5 2. Nf3 Nc6 3. d4 cxd4 4. Nxd4 g6 5. Nc3 Bg7 6. Be3 Nf6 7. Bc4 0-0 8. Bb3 d6 9. f3 Bd7 10. Qd2 a6 11. 0-0-0 b5 12. g4 Ne5 13. Kb1 Rb8 14. h4 h5 15. gxh5 Nxh5 16. Nd5 a5 17. Bg5 Re8 18. Nf4 Qb6 19. Nxh5 Nc4 20. Bxc4 bxc4 21. c3 gxh5 22. Rhg1 Kh7 23. Be3 Qb7 24. Rxg7+ Kxg7 25. Rg1+ Kh7 26. Rg5 Bh3 27. Rxh5+ Kg6 28. Rg5+ Kh7 29. Rh5+ Kg6 30. Rh6+ Kg7 31. Ne6+ fxe6 32. Bd4+ Kf8 33. Rh8+ Kf7 34. Rh7+ Kg8 35. Qg5+ 1-0

[Event "CZE-ch U14"]
[Site "Kouty nad Desnou"]
[Date "2024.03.10"]
[Round "2"]
[White "Topencik, Bruno"]
[Black "Svadlenka, Michal"]
[Result "1/2-1/2"]
[WhiteElo "2006"]
[BlackElo "1869"]
[PlyCount "88"]
[EventDate "2024.03.09"]
[EventType "swiss"]
[EventRounds "9"]
[EventCountry "CZE"]
[SourceTitle "CB12_2024"]
[SourceDate "2023.10.01"]
[SourceVersion "1"]
[SourceVersionDate "2023.10.01"]
[SourceQuality "1"]

1. d4 Nf6 2. c4 g6 3. Nc3 Bg7 4. Nf3 0-0 5. Bg5 d6 6. e3 Nbd7 7. Be2 Qe8 8. Qc2 e5 9. 0-0 exd4 10. Nxd4 Nc5 11. Bf3 Ne6 12. Bxf6 Bxf6 13. Ndb5 a6 14. Nd5 Bd8 15. Nbc3 c6 16. Nb4 Ng5 17. Be2 Bf5 18. Qd2 Bc7 19. Nc2 Ne4 20. Nxe4 Bxe4 21. Nd4 c5 22. Nb3 Qe5 23. Rac1 b6 24. Qc3 Rad8 25. Rfd1 Bc6 26. Bf3 Bxf3 27. Qxe5 dxe5 28. gxf3 Rxd1+ 29. Rxd1 Rd8 30. Rd5 f5 31. Nd2 Kf7 32. Rxd8 Bxd8 33. Nb1 Ke6 34. Nc3 Kd6 35. Kg2 Kc6 36. b3 b5 37. Nd5 g5 38. f4 Kd6 39. fxg5 Bxg5 40. Kf3 h5 41. Kg3 Bd8 42. Nc3 bxc4 43. bxc4 Ke6 44. Nd5 Kd6 1/2-1/2

[Event "Ricany op"]
[Site "Ricany"]
[Date "2023.09.02"]
[Round "9"]
[White "Vavrinec, Tomas"]
[Black "Svadlenka, Michal"]
[Result "1/2-1/2"]
[WhiteElo "1847"]
[BlackElo "1556"]
[PlyCount "85"]
[EventDate "2023.08.26"]
[EventType "swiss"]
[EventRounds "9"]
[EventCountry "CZE"]
[SourceTitle "EXT 2024"]
[Source "ChessBase"]
[SourceDate "2023.10.10"]
[SourceVersion "1"]
[SourceVersionDate "2023.10.10"]
[SourceQuality "1"]

1. Nf3 d5 2. c4 c6 3. g3 Nf6 4. Bg2 Bf5 5. 0-0 Nbd7 6. d4 e6 7. Nc3 Ne4 8. Nh4 Nxc3 9. bxc3 Bg4 10. cxd5 exd5 11. Qd3 Nf6 12. Re1 Be7 13. Nf5 Bxf5 14. Qxf5 0-0 15. Bf4 Re8 16. Reb1 b6 17. Bf3 h6 18. Qd3 Bd6 19. Bc1 Qe7 20. a4 Ne4 21. c4 Rac8 22. Be3 dxc4 23. Qxc4 c5 24. d5 Rb8 25. a5 Nf6 26. axb6 Rxb6 27. Rxb6 axb6 28. Ra6 Rb8 29. Qa2 b5 30. Ra7 Qd8 31. Bc1 b4 32. Bb2 Nd7 33. e4 Ne5 34. Bh5 Qg5 35. Be2 Qd2 36. Qa6 Qxb2 37. Qxd6 Qb1+ 38. Bf1 Re8 39. Qxc5 Nf3+ 40. Kg2 Qxe4 41. Qc4 Ne1+ 42. Kg1 Nf3+ 43. Kg2 1/2-1/2

[Event "Ricany op"]
[Site "Ricany"]
[Date "2023.08.31"]
[Round "7"]
[White "Zemen, Pavel"]
[Black "Svadlenka, Michal"]
[Result "0-1"]
[WhiteElo "1785"]
[BlackElo "1556"]
[PlyCount "84"]
[EventDate "2023.08.26"]
[EventType "swiss"]
[EventRounds "9"]
[EventCountry "CZE"]
[SourceTitle "EXT 2024"]
[Source "ChessBase"]
[SourceDate "2023.10.10"]
[SourceVersion "1"]
[SourceVersionDate "2023.10.10"]
[SourceQuality "1"]

1. e4 c5 2. Nf3 d6 3. d4 cxd4 4. Nxd4 Nf6 5. Nc3 g6 6. Be2 Bg7 7. Be3 0-0 8. 0-0 Nc6 9. h3 Bd7 10. Qd2 Rc8 11. f4 a6 12. Nb3 b5 13. Bf3 Re8 14. Nd5 Nxd5 15. exd5 Nb8 16. c3 Qc7 17. Qf2 Bf5 18. Rad1 e5 19. dxe6 Bxe6 20. Rd2 Qe7 21. Bd4 Bxb3 22. axb3 Bxd4 23. Rxd4 Nc6 24. Bxc6 Rxc6 25. Rfd1 Rd8 26. Qf3 Rc5 27. Qd3 Rf5 28. Ra1 Qa7 29. Kh1 Qb6 30. Qe4 d5 31. Qf3 Rd6 32. Rad1 Qd8 33. g3 h5 34. Kg2 Qe7 35. R1d2 Re6 36. Kf2 Qa7 37. Kf1 Qe7 38. Rxd5 Rxd5 39. Qxd5 Re1+ 40. Kg2 Re2+ 41. Kg1 Qe3+ 42. Kh1 Rxd2 0-1

[Event "Ricany op"]
[Site "Ricany"]
[Date "2023.08.29"]
[Round "5"]
[White "Stufka, Martin"]
[Black "Svadlenka, Michal"]
[Result "0-1"]
[WhiteElo "1258"]
[BlackElo "1556"]
[PlyCount "112"]
[EventDate "2023.08.26"]
[EventType "swiss"]
[EventRounds "9"]
[EventCountry "CZE"]
[SourceTitle "EXT 2024"]
[Source "ChessBase"]
[SourceDate "2023.10.10"]
[SourceVersion "1"]
[SourceVersionDate "2023.10.10"]
[SourceQuality "1"]

1. d4 Nf6 2. c4 g6 3. g3 Bg7 4. Bg2 0-0 5. Nf3 d6 6. 0-0 Nbd7 7. Nc3 e5 8. Rb1 Re8 9. b3 exd4 10. Nxd4 Nb6 11. Bb2 c6 12. e3 d5 13. cxd5 Nfxd5 14. Nxd5 Nxd5 15. Qc2 Nb4 16. Qc4 Qb6 17. Rfd1 c5 18. Nb5 Be6 19. Qe2 Bxb2 20. Rxb2 Rad8 21. Rbd2 a6 22. Nc3 Rxd2 23. Rxd2 Qc7 24. Qf3 Qe5 25. Ne4 Re7 26. Nf6+ Kg7 27. Rd8 Bf5 28. Nd5 Qa1+ 29. Bf1 Bd3 30. Qf6+ Qxf6 31. Nxf6 Bxf1 32. Ne8+ Rxe8 33. Rxe8 Bb5 34. Rd8 Nxa2 35. Rd2 Nc1 36. Rb2 Nd3 37. Rc2 Kf6 38. f3 b6 39. h4 Bc6 40. Rd2 Ne5 41. Kf2 Ke6 42. e4 b5 43. f4 Ng4+ 44. Ke2 Bxe4 45. Rd8 Bd5 46. Rb8 Bxb3 47. Rb6+ Kd5 48. Rxa6 b4 49. Ra7 Kd4 50. Rd7+ Kc3 51. Rd3+ Kb2 52. Rd2+ Ka3 53. Kf3 h5 54. Rd6 c4 55. Ke2 c3 56. Rc6 Kb2 0-1

[Event "Ricany op"]
[Site "Ricany"]
[Date "2023.08.28"]
[Round "4"]
[White "Svadlenka, Michal"]
[Black "Andrle, Filip"]
[Result "0-1"]
[WhiteElo "1556"]
[BlackElo "1848"]
[PlyCount "65"]
[EventDate "2023.08.26"]
[EventType "swiss"]
[EventRounds "9"]
[EventCountry "CZE"]
[SourceTitle "EXT 2024"]
[Source "ChessBase"]
[SourceDate "2023.10.10"]
[SourceVersion "1"]
[SourceVersionDate "2023.10.10"]
[SourceQuality "1"]

1. e4 c5 2. Nf3 Nc6 3. d4 cxd4 4. Nxd4 Nf6 5. Nc3 d6 6. Bg5 e6 7. Bc4 a6 8. f4 Be7 9. Qd2 Nxd4 10. Qxd4 b5 11. Bb3 Bb7 12. 0-0-0 h6 13. Bxf6 Bxf6 14. Qe3 Qc7 15. Rhe1 Rc8 16. Rd3 Qc5 17. g3 Qxe3+ 18. Rexe3 Ke7 19. Ne2 Rc5 20. c3 Rhc8 21. h4 g6 22. Kd2 a5 23. a3 b4 24. axb4 axb4 25. cxb4 Rb5 26. Nd4 Rxb4 27. e5 dxe5 28. fxe5 Bg7 29. Re2 Ba6 30. Bc2 Bxd3 31. Kxd3 Rd8 32. Re4 f5 33. Kc3 0-1

[Event "Prague Golden op 18th"]
[Site "Prague"]
[Date "2023.06.25"]
[Round "5.2"]
[White "Svadlenka, Michal"]
[Black "Dubsky, Lukas"]
[Result "1-0"]
[WhiteElo "1313"]
[BlackElo "1216"]
[PlyCount "51"]
[EventDate "2023.06.25"]
[EventType "team-swiss"]
[EventRounds "9"]
[EventCountry "CZE"]
[SourceTitle "CBM 214 Extra"]
[Source "ChessBase"]
[SourceDate "2023.07.31"]
[SourceVersion "1"]
[SourceVersionDate "2023.07.31"]
[SourceQuality "1"]
[WhiteTeam "Svadlenci"]
[BlackTeam "Jugoslavsti Experti"]
[WhiteTeamCountry "CZE"]
[BlackTeamCountry "CZE"]

1. e4 c5 2. Nf3 d6 3. d4 cxd4 4. Nxd4 Nf6 5. Nc3 a6 6. Be3 e5 7. Nb3 Be6 8. f3 Be7 9. Qd2 Nbd7 10. 0-0-0 Nb6 11. g4 Nc4 12. Bxc4 Bxc4 13. h4 b5 14. h5 b4 15. Na4 h6 16. Nb6 Bxb3 17. Nxa8 Bxc2 18. Qxc2 Qxa8 19. Qa4+ Nd7 20. Kb1 a5 21. f4 Qxe4+ 22. Qc2 Qxe3 23. Qc8+ Bd8 24. Rhe1 Qxf4 25. Rxd6 Qxg4 26. Rxe5+ 1-0

[Event "Prague Golden op 18th"]
[Site "Prague"]
[Date "2023.06.25"]
[Round "2.2"]
[White "Svadlenka, Michal"]
[Black "Kastner, Jan"]
[Result "0-1"]
[WhiteElo "1313"]
[BlackElo "1996"]
[PlyCount "78"]
[EventDate "2023.06.25"]
[EventType "team-swiss"]
[EventRounds "9"]
[EventCountry "CZE"]
[SourceTitle "CBM 214 Extra"]
[Source "ChessBase"]
[SourceDate "2023.07.31"]
[SourceVersion "1"]
[SourceVersionDate "2023.07.31"]
[SourceQuality "1"]
[WhiteTeam "Svadlenci"]
[BlackTeam "Nymbursti Kolici"]
[WhiteTeamCountry "CZE"]
[BlackTeamCountry "CZE"]

1. e4 e6 2. d4 d5 3. e5 c5 4. c3 Qb6 5. Nf3 Nc6 6. Bd3 cxd4 7. cxd4 Bb4+ 8. Nc3 Nge7 9. 0-0 Bxc3 10. bxc3 Bd7 11. Ba3 h6 12. Rb1 Qc7 13. Bd6 Qc8 14. Qb3 b6 15. Qa3 Qd8 16. Nd2 Nc8 17. Ba6 Nxd6 18. Qxd6 Qe7 19. Qxe7+ Kxe7 20. Rfc1 f6 21. f4 f5 22. Nf3 Na5 23. Nd2 Nc6 24. Nb3 g5 25. fxg5 hxg5 26. c4 Nb4 27. Bb7 Rab8 28. a3 Nd3 29. Rc3 Nf4 30. Rb2 Rxb7 31. Rbc2 dxc4 32. Rxc4 Nd5 33. Kf2 Bb5 34. Nd2 Bxc4 35. Rxc4 Rc7 36. Rxc7+ Nxc7 37. Nc4 Nb5 38. Ke3 Rc8 39. Kd3 Rxc4 0-1

[Event "Prague Golden op 18th"]
[Site "Prague"]
[Date "2023.06.25"]
[Round "9.2"]
[White "Svadlenka, Michal"]
[Black "Spirek, Adam"]
[Result "0-1"]
[WhiteElo "1313"]
[BlackElo "1974"]
[PlyCount "86"]
[EventDate "2023.06.25"]
[EventType "team-swiss"]
[EventRounds "9"]
[EventCountry "CZE"]
[SourceTitle "CBM 214 Extra"]
[Source "ChessBase"]
[SourceDate "2023.07.31"]
[SourceVersion "1"]
[SourceVersionDate "2023.07.31"]
[SourceQuality "1"]
[WhiteTeam "Svadlenci"]
[BlackTeam "Ceska Lipa"]
[WhiteTeamCountry "CZE"]
[BlackTeamCountry "CZE"]

1. e4 d5 2. exd5 Nf6 3. d4 Bg4 4. Nf3 Qxd5 5. Be2 Nc6 6. 0-0 0-0-0 7. Be3 Qh5 8. c4 e5 9. h3 exd4 10. hxg4 Nxg4 11. Bf4 d3 12. Bxd3 Bd6 13. Nh4 Kb8 14. Bf5 Qxh4 15. Bxd6 Nh6 16. Bg3 Qg5 17. Bd3 Nb4 18. Qd2 Qxd2 19. Nxd2 Nxd3 20. b3 Nc5 21. Nf3 Nf5 22. Be5 f6 23. Bc3 Rhe8 24. Rad1 Rd3 25. Rxd3 Nxd3 26. Rd1 Nc5 27. Nd4 Nxd4 28. Bxd4 Rd8 29. Rd2 Ne6 30. Bc3 Rxd2 31. Bxd2 Kc8 32. Kf1 Kd7 33. g3 Kd6 34. Ke2 Kc5 35. Kd3 b6 36. b4+ Kd6 37. a4 c5 38. bxc5+ Nxc5+ 39. Kd4 Nxa4 40. Bf4+ Kc6 41. Bb8 a5 42. Bf4 Nc5 43. Bc1 Nb3+ 0-1

[Event "CZE-ch U12"]
[Site "Herlikovice"]
[Date "2021.10.24"]
[Round "2"]
[White "Martirosyan, David"]
[Black "Svadlenka, Michal"]
[Result "1-0"]
[WhiteElo "1700"]
[BlackElo "1338"]
[PlyCount "55"]
[EventDate "2021.10.23"]
[EventType "swiss"]
[EventRounds "9"]
[EventCountry "CZE"]
[SourceTitle "EXT 2023"]
[Source "ChessBase"]
[SourceDate "2022.10.05"]
[SourceVersion "1"]
[SourceVersionDate "2022.10.05"]
[SourceQuality "1"]

1. e4 c5 2. Nf3 Nc6 3. d4 cxd4 4. Nxd4 e5 5. Nb5 d6 6. N1c3 a6 7. Na3 b5 8. Nd5 Nf6 9. Bg5 Qa5+ 10. c3 Nxe4 11. Be3 Rb8 12. Nc2 Be6 13. Bb6 Rxb6 14. b4 Nxc3 15. bxa5 Nxd1 16. Nc7+ Kd7 17. axb6 Nb2 18. Nxa6 Bc4 19. Na3 Nd3+ 20. Kd2 Nxf2 21. Bxc4 bxc4 22. Rhf1 Ne4+ 23. Ke3 d5 24. Nxc4 Nc5 25. Rxf7+ Ke6 26. Rxf8 Rxf8 27. Nxc5+ Ke7 28. Nd2 1-0

[Event "CZE-ch U12"]
[Site "Herlikovice"]
[Date "2021.10.23"]
[Round "1"]
[White "Svadlenka, Michal"]
[Black "Sikora, Jakub"]
[Result "1-0"]
[WhiteElo "1338"]
[BlackElo "1118"]
[PlyCount "95"]
[EventDate "2021.10.23"]
[EventType "swiss"]
[EventRounds "9"]
[EventCountry "CZE"]
[SourceTitle "EXT 2023"]
[Source "ChessBase"]
[SourceDate "2022.10.05"]
[SourceVersion "1"]
[SourceVersionDate "2022.10.05"]
[SourceQuality "1"]

1. e4 e5 2. Nf3 Nc6 3. Bc4 h6 4. c3 Nf6 5. d3 d5 6. exd5 Nxd5 7. Qb3 Be6 8. Qxb7 Nde7 9. Bxe6 fxe6 10. 0-0 Qc8 11. Qxc8+ Rxc8 12. Re1 Rd8 13. Nxe5 Nxe5 14. Rxe5 Rxd3 15. Re1 Nc6 16. Rxe6+ Kd8 17. Nd2 Bd6 18. Re3 Rxe3 19. fxe3 Re8 20. Nf3 Ne5 21. Kf2 Nd3+ 22. Ke2 Nxc1+ 23. Rxc1 Bf4 24. Rd1+ Kc8 25. Rd3 g5 26. g3 Bd6 27. Rd5 Rd8 28. Ne5 Bxe5 29. Rxe5 Rd7 30. Re4 Kd8 31. Rd4 Rxd4 32. exd4 Kd7 33. Kd3 Kd6 34. c4 c5 35. d5 h5 36. Ke4 a5 37. Kf5 a4 38. Kxg5 Ke5 39. Kxh5 Kf6 40. g4 Kg7 41. g5 Kh7 42. d6 Kg7 43. d7 Kf7 44. d8Q a3 45. bxa3 Kg7 46. Qe7+ Kg8 47. g6 Kh8 48. Qh7# 1-0

[Event "CZE-ch Betsys Online Blitz"]
[Site "Chess.com INT"]
[Date "2021.04.17"]
[Round "4"]
[White "Dolezal, Eduard"]
[Black "Svadlenka, Michal"]
[Result "1-0"]
[WhiteElo "1093"]
[BlackElo "1382"]
[PlyCount "101"]
[EventDate "2021.04.17"]
[EventType "swiss (blitz)"]
[EventRounds "13"]
[EventCountry "CZE"]
[SourceTitle "CBM 201 Extra"]
[Source "ChessBase"]
[SourceDate "2021.05.31"]
[SourceVersion "1"]
[SourceVersionDate "2021.05.31"]
[SourceQuality "1"]

1. d4 d5 2. c4 Nf6 3. Nc3 c6 4. cxd5 cxd5 5. Bg5 e6 6. e3 Nc6 7. Bd3 Bb4 8. Qc2 h6 9. Bxf6 Qxf6 10. Nf3 Bd7 11. 0-0 Qd8 12. a4 0-0 13. Rfe1 Rc8 14. Re2 Na5 15. e4 dxe4 16. Bxe4 Bxc3 17. bxc3 Bc6 18. Bxc6 Nxc6 19. Ne5 Nxe5 20. dxe5 Qc7 21. Ra3 Rfd8 22. h3 Qa5 23. Rd2 Re8 24. Rd7 Qxe5 25. Qb1 Qc5 26. Rb3 Qe5 27. Rbxb7 Rf8 28. Rxa7 Qxc3 29. a5 Qc1+ 30. Qxc1 Rxc1+ 31. Kh2 Rcc8 32. a6 Ra8 33. Rxa8 Rxa8 34. a7 Kf8 35. Rb7 Ke8 36. Rb8+ Kd7 37. Rxa8 Kc7 38. Rf8 Kb7 39. Rxf7+ Ka8 40. Rxg7 h5 41. Rg6 e5 42. Rg5 e4 43. Rxh5 e3 44. fxe3 Kb7 45. e4 Ka8 46. e5 Kb7 47. e6 Kc7 48. a8Q Kd6 49. Qa4 Ke7 50. Rh6 Kd6 51. Qa6+ 1-0

[Event "CZE-ch Betsys Online Blitz"]
[Site "Chess.com INT"]
[Date "2021.04.17"]
[Round "11"]
[White "Sladek, Jaroslav"]
[Black "Svadlenka, Michal"]
[Result "1-0"]
[WhiteElo "1877"]
[BlackElo "1382"]
[PlyCount "65"]
[EventDate "2021.04.17"]
[EventType "swiss (blitz)"]
[EventRounds "13"]
[EventCountry "CZE"]
[SourceTitle "CBM 201 Extra"]
[Source "ChessBase"]
[SourceDate "2021.05.31"]
[SourceVersion "1"]
[SourceVersionDate "2021.05.31"]
[SourceQuality "1"]

1. e4 c5 2. b4 cxb4 3. d4 Nf6 4. Bd3 Nc6 5. Nf3 g6 6. a3 bxa3 7. Nxa3 Bg7 8. c3 0-0 9. Be3 a6 10. h3 d6 11. 0-0 Bd7 12. Qd2 Rc8 13. Bh6 b5 14. Bxg7 Kxg7 15. e5 dxe5 16. dxe5 Ng8 17. Nc2 Qb6 18. Ncd4 Nxd4 19. cxd4 Be6 20. Be4 Bc4 21. Rfd1 e6 22. Qe3 Ne7 23. Nh4 Nd5 24. Qg5 Nc3 25. Re1 Nxe4 26. Rxe4 Bd3 27. Rf4 Rc2 28. Qf6+ Kg8 29. Nf3 Qc7 30. Rh4 Rc1+ 31. Kh2 Rxa1 32. Rxh7 Qd8 33. Rh8# 1-0

[Event "Ceske Budejovice op-B"]
[Site "Ceske Budejovice"]
[Date "2020.07.09"]
[Round "9"]
[White "Cipera, Josef"]
[Black "Svadlenka, Michal"]
[Result "1-0"]
[WhiteElo "1612"]
[BlackElo "1395"]
[PlyCount "74"]
[EventDate "2020.07.01"]
[EventType "swiss"]
[EventRounds "9"]
[EventCountry "CZE"]
[SourceTitle "CBM 197 Extra"]
[Source "ChessBase"]
[SourceDate "2020.09.30"]
[SourceVersion "1"]
[SourceVersionDate "2020.09.30"]
[SourceQuality "1"]

1. d4 d5 2. Bf4 Nf6 3. e3 Bf5 4. Bd3 Bxd3 5. cxd3 c5 6. Nf3 Nc6 7. dxc5 Qa5+ 8. Nc3 Qxc5 9. 0-0 Qb6 10. Na4 Qd8 11. a3 e6 12. Qb3 b6 13. Rac1 Na5 14. Qc2 Bd6 15. b4 Bxf4 16. bxa5 Bd6 17. Qc6+ Ke7 18. axb6 axb6 19. Nxb6 Rb8 20. Na4 Qd7 21. Nd4 Rhc8 22. Qxd7+ Kxd7 23. Rxc8 Kxc8 24. g3 Bxa3 25. Ra1 Bb2 26. Nxb2 Rxb2 27. h3 Kd7 28. Nf3 Ke7 29. Ra7+ Ke8 30. Ne5 Rd2 31. Rxf7 Rxd3 32. Rxg7 Rd1+ 33. Kg2 Ne4 34. Rxh7 Rd2 35. Rf7 d4 36. exd4 Rxd4 37. Rf4 Ke7 1-0

[Event "Ceske Budejovice op-B"]
[Site "Ceske Budejovice"]
[Date "2020.07.04"]
[Round "4"]
[White "Svadlenka, Michal"]
[Black "Kanka, Lukas"]
[Result "1-0"]
[WhiteElo "1395"]
[BlackElo "1667"]
[PlyCount "65"]
[EventDate "2020.07.01"]
[EventType "swiss"]
[EventRounds "9"]
[EventCountry "CZE"]
[SourceTitle "CBM 197 Extra"]
[Source "ChessBase"]
[SourceDate "2020.09.30"]
[SourceVersion "1"]
[SourceVersionDate "2020.09.30"]
[SourceQuality "1"]

1. e4 Nf6 2. e5 Nd5 3. c4 Nb6 4. Nc3 Nc6 5. c5 Nxe5 6. cxb6 axb6 7. d4 Ng6 8. Nf3 d5 9. h3 e6 10. a3 c5 11. Bb5+ Bd7 12. Bxd7+ Qxd7 13. 0-0 Bd6 14. Re1 0-0 15. Be3 Rfd8 16. Rc1 Ra6 17. Na2 c4 18. Bg5 f6 19. Be3 b5 20. Bd2 Nf4 21. Bxf4 Bxf4 22. Nb4 Ra4 23. Rc3 Bd6 24. Nc2 Bc7 25. Rce3 Re8 26. Qe2 Kf7 27. Nd2 Qd6 28. Rg3 Ba5 29. Qh5+ Ke7 30. Rxg7+ Kd8 31. Qh6 Qf8 32. Re2 e5 33. dxe5 1-0

[Event "Ceske Budejovice op-B"]
[Site "Ceske Budejovice"]
[Date "2020.07.02"]
[Round "2"]
[White "Svadlenka, Michal"]
[Black "Barth, Vit"]
[Result "1-0"]
[WhiteElo "1395"]
[BlackElo "1356"]
[PlyCount "79"]
[EventDate "2020.07.01"]
[EventType "swiss"]
[EventRounds "9"]
[EventCountry "CZE"]
[SourceTitle "CBM 197 Extra"]
[Source "ChessBase"]
[SourceDate "2020.09.30"]
[SourceVersion "1"]
[SourceVersionDate "2020.09.30"]
[SourceQuality "1"]

1. e4 Nc6 2. Nf3 e6 3. Bc4 d5 4. exd5 exd5 5. Qe2+ Be6 6. Bb5 Nge7 7. Nd4 Qd6 8. Nxe6 Qxe6 9. Qxe6 fxe6 10. 0-0 0-0-0 11. c3 a6 12. Ba4 d4 13. Re1 e5 14. Bb3 Nd5 15. Bxd5 Rxd5 16. h3 d3 17. a3 Bd6 18. b4 b5 19. a4 Kb7 20. axb5 axb5 21. Re4 h5 22. Na3 Rf8 23. Bb2 g5 24. Rae1 Rf4 25. f3 Ne7 26. Bc1 Kb6 27. c4 bxc4 28. Nxc4+ Ka7 29. Nxd6 cxd6 30. Bb2 Nc6 31. Bc3 Rb5 32. Rxf4 gxf4 33. Re4 h4 34. Re1 Nxb4 35. Rb1 Kb6 36. Rxb4 Rxb4 37. Bxb4 d5 38. Be7 e4 39. Kf2 e3+ 40. Ke1 1-0

[Event "CZE-ch U10"]
[Site "Kouty nad Desnou"]
[Date "2020.03.11"]
[Round "6"]
[White "Krautschneider, Daniel Jan"]
[Black "Svadlenka, Michal"]
[Result "0-1"]
[WhiteElo "1236"]
[BlackElo "1309"]
[PlyCount "108"]
[EventDate "2020.03.07"]
[EventType "swiss"]
[EventRounds "7"]
[EventCountry "CZE"]
[SourceTitle "CBM 195 Extra"]
[Source "ChessBase"]
[SourceDate "2020.05.31"]
[SourceVersion "1"]
[SourceVersionDate "2020.05.31"]
[SourceQuality "1"]

1. e4 c5 2. Nf3 Nc6 3. d4 cxd4 4. Nxd4 g6 5. Nc3 Bg7 6. Be3 Nf6 7. Bc4 0-0 8. f3 Qb6 9. Qd3 Ne5 10. Qe2 Qxb2 11. 0-0 Qxc3 12. Bb3 Qc7 13. f4 Nc6 14. f5 Nxe4 15. fxg6 Nxd4 16. gxh7+ Kh8 17. Qh5 Nf6 18. Rxf6 Bxf6 19. Bh6 Bg7 20. Bxg7+ Kxg7 21. h8Q+ Rxh8 22. Qxf7+ Kh6 23. Qxe7 Qf4 24. Rf1 Rh7 25. Qe1 Qg5 26. h4 Nf3+ 27. Rxf3 Qc5+ 28. Kh1 Rg7 29. Qd2+ Kh7 30. Rf6 Qh5 31. Qd3+ Rg6 32. Rf7+ Kh6 33. Qe3+ Rg5 34. Qxg5+ Qxg5 35. hxg5+ Kxg5 36. Rf8 Kg6 37. Kg1 Kg7 38. Rg8+ Kf6 39. g4 Ke5 40. g5 b6 41. g6 Kf6 42. Kf2 Bb7 43. Rxa8 Bxa8 44. Bf7 Be4 45. c3 Bxg6 46. Bxg6 Kxg6 47. Ke3 Kf5 48. Kd4 Ke6 49. a4 a6 50. c4 Kd6 51. Kc3 Kc5 52. Kb3 a5 53. Kc3 d6 54. Kb3 Kd4 0-1

[Event "CZE-ch U10"]
[Site "Kouty nad Desnou"]
[Date "2020.03.09"]
[Round "3"]
[White "Svadlenka, Michal"]
[Black "Stejskal, Jakub"]
[Result "1-0"]
[WhiteElo "1309"]
[BlackElo "1090"]
[PlyCount "45"]
[EventDate "2020.03.07"]
[EventType "swiss"]
[EventRounds "7"]
[EventCountry "CZE"]
[SourceTitle "CBM 195 Extra"]
[Source "ChessBase"]
[SourceDate "2020.05.31"]
[SourceVersion "1"]
[SourceVersionDate "2020.05.31"]
[SourceQuality "1"]

1. e4 e5 2. Nf3 Nc6 3. Bc4 Bc5 4. c3 Nf6 5. d3 d6 6. Nbd2 Be6 7. Bb3 0-0 8. Nf1 Ng4 9. d4 exd4 10. cxd4 Bxb3 11. axb3 Bb4+ 12. Bd2 Bxd2+ 13. Qxd2 Re8 14. Ng3 Nf6 15. Qf4 Qe7 16. 0-0 Nxe4 17. Rfe1 d5 18. Rac1 Rad8 19. Ne5 Nxe5 20. dxe5 Qxe5 21. Qxe5 Rxe5 22. Rxc7 Rb8 23. f3 1-0